[Event "Stay Safe Play From Home 409"]
[Site "Emanuel Lasker Arena"]
[Date "2020.08.25"]
[Round "7"]
[White "Klasman"]
[Black "lazieri3"]
[Result "0-1"]
[WhiteElo "1343"]
[BlackElo "1938"]
[PlyCount "46"]
[EventDate "2020.08.25"]
[EventType "swiss (blitz)"]

1. f4 {[%emt 0:00:02]} c6 {[%emt 0:00:00]} 2. e4 {[%emt 0:00:02]} d5 {[%emt 0:00:00]} 3. e5 {[%emt 0:00:01]} Nf6 {[%emt 0:00:00]} 4. d4 {[%emt 0:00:01]} Ne4 {[%emt 0:00:01]} 5. Nf3 {[%emt 0:00:02]} Bg4 {[%emt 0:00:01]} 6. Bd3 {[%emt 0:00:02]} e6 {[%emt 0:00:01]} 7. h3 {[%emt 0:00:01]} Ng3 {[%emt 0:00:03]} 8. Rg1 {[%emt 0:00:06]} Bf5 {[%emt 0:00:01]} 9. Kf2 {[%emt 0:00:01]} Bxd3 {[%emt 0:00:01]} 10. cxd3 {[%emt 0:00:01]} Nf5 {[%emt 0:00:01]} 11. Nc3 {[%emt 0:00:02]} c5 {[%emt 0:00:02]} 12. Be3 {[%emt 0:00:05]} Nxe3 {[%emt 0:00:02]} 13. Kxe3 {[%emt 0:00:03]} cxd4+ {[%emt 0:00:00]} 14. Nxd4 {[%emt 0:00:02]} g6 {[%emt 0:00:00]} 15. Kd2 {[%emt 0:00:03]} Qd7 {[%emt 0:00:01]} 16. Qf3 {[%emt 0:00:08]} Bc5 {[%emt 0:00:01]} 17. Nb3 {[%emt 0:00:02]} Bxg1 {[%emt 0:00:01]} 18. Rxg1 {[%emt 0:00:02]} Nc6 {[%emt 0:00:01]} 19. d4 {[%emt 0:00:01]} O-O-O {[%emt 0:00:04]} 20. g4 {[%emt 0:00:01]} h5 {[%emt 0:00:02]} 21. Nb5 {[%emt 0:00:03]} Nxe5 {[%emt 0:00:06]} 22. Nxa7+ {[%emt 0:00:08]} Kb8 {[%emt 0:00:01]} 23. fxe5 {[%emt 0:00:02]} Kxa7 {[%emt 0:00:01] Time Time Time (Lag: Av=0.56s, max=0.8s) (Lag: Av=0.56s, max=0.8s) (Lag: Av=0.56s, max=0.8s)} 0-1

[Event "Stay Safe Play From Home 409"]
[Site "Emanuel Lasker Arena"]
[Date "2020.08.25"]
[Round "8"]
[White "NTBT_DHS"]
[Black "Stefanone"]
[Result "1/2-1/2"]
[WhiteElo "2562"]
[BlackElo "2060"]
[PlyCount "80"]
[EventDate "2020.08.25"]
[EventType "swiss (blitz)"]

1. e4 {[%emt 0:00:03]} e6 {[%emt 0:00:01]} 2. Nf3 {[%emt 0:00:00]} d5 {[%emt 0:00:00]} 3. exd5 {[%emt 0:00:00]} exd5 {[%emt 0:00:00]} 4. d4 {[%emt 0:00:00]} c6 {[%emt 0:00:00]} 5. Bd3 {[%emt 0:00:00]} f5 {[%emt 0:00:00]} 6. O-O {[%emt 0:00:00]} Nf6 {[%emt 0:00:00]} 7. a4 {[%emt 0:00:02]} Ne4 {[%emt 0:00:00]} 8. a5 {[%emt 0:00:00]} a6 {[%emt 0:00:01]} 9. Nc3 {[%emt 0:00:02]} Bd6 {[%emt 0:00:01]} 10. Na4 {[%emt 0:00:01]} O-O {[%emt 0:00:01]} 11. c3 {[%emt 0:00:00]} Rf6 {[%emt 0:00:02]} 12. b4 {[%emt 0:00:01]} Nd7 {[%emt 0:00:01]} 13. Ng5 {[%emt 0:00:01]} h6 {[%emt 0:00:05]} 14. Nh3 {[%emt 0:00:02]} g5 {[%emt 0:00:04]} 15. f4 {[%emt 0:00:03]} g4 {[%emt 0:00:01]} 16. Nf2 {[%emt 0:00:00]} Rg6 {[%emt 0:00:01]} 17. g3 {[%emt 0:00:00]} Ndf6 {[%emt 0:00:01]} 18. Nc5 {[%emt 0:00:01]} Bxc5 {[%emt 0:00:01]} 19. dxc5 {[%emt 0:00:00]} Nxc3 {[%emt 0:00:00]} 20. Qc2 {[%emt 0:00:03]} Nce4 {[%emt 0:00:01]} 21. Bb2 {[%emt 0:00:01]} Qe7 {[%emt 0:00:01]} 22. Rad1 {[%emt 0:00:01]} h5 {[%emt 0:00:01]} 23. Rfe1 {[%emt 0:00:01]} h4 {[%emt 0:00:01]} 24. Bf1 {[%emt 0:00:00]} Be6 {[%emt 0:00:02]} 25. Nxe4 {[%emt 0:00:04]} fxe4 {[%emt 0:00:00]} 26. Qc3 {[%emt 0:00:01]} Rf8 {[%emt 0:00:01]} 27. Qe5 {[%emt 0:00:03]} hxg3 {[%emt 0:00:02]} 28. f5 {[%emt 0:00:01]} gxh2+ {[%emt 0:00:02]} 29. Kh1 {[%emt 0:00:00]} Nh5 {[%emt 0:00:11]} 30. fxg6 {[%emt 0:00:03]} Ng7 {[%emt 0:00:03]} 31. Qxh2 {[%emt 0:00:03]} Rf6 {[%emt 0:00:02]} 32. Qh7+ {[%emt 0:00:01]} Kf8 {[%emt 0:00:01]} 33. Bxf6 {[%emt 0:00:01]} Qxf6 {[%emt 0:00:00]} 34. Bxa6 {[%emt 0:00:01]} Qf3+ {[%emt 0:00:02]} 35. Kh2 {[%emt 0:00:03]} Qf2+ {[%emt 0:00:01]} 36. Kh1 {[%emt 0:00:01]} Qf3+ {[%emt 0:00:02]} 37. Kg1 {[%emt 0:00:00]} Qg3+ {[%emt 0:00:01]} 38. Kf1 {[%emt 0:00:01]} Qf3+ {[%emt 0:00:01]} 39. Kg1 {[%emt 0:00:00]} Qg3+ {[%emt 0:00:00]} 40. Kh1 {[%emt 0:00:00]} Qf3+ {[%emt 0:00:00] (Lag: Av=0.46s, max=0.8s) (Lag: Av=0.46s, max=0.8s) (Lag: Av=0.46s, max=0.8s)} 1/2-1/2

[Event "Stay Safe Play From Home 409"]
[Site "Emanuel Lasker Arena"]
[Date "2020.08.25"]
[Round "8"]
[White "AChessPlayer"]
[Black "Fat Kevin"]
[Result "0-1"]
[WhiteElo "2353"]
[BlackElo "2043"]
[PlyCount "60"]
[EventDate "2020.08.25"]
[EventType "swiss (blitz)"]

1. g3 {[%emt 0:00:02]} c5 {[%emt 0:00:00]} 2. Bg2 {[%emt 0:00:00]} Nf6 {[%emt 0:00:01]} 3. f4 {[%emt 0:00:00]} Nc6 {[%emt 0:00:01]} 4. Nf3 {[%emt 0:00:00]} d5 {[%emt 0:00:00]} 5. O-O {[%emt 0:00:00]} Bf5 {[%emt 0:00:00]} 6. d3 {[%emt 0:00:01]} e6 {[%emt 0:00:00]} 7. Nbd2 {[%emt 0:00:00]} Bd6 {[%emt 0:00:00]} 8. Nh4 {[%emt 0:00:00]} Bg4 {[%emt 0:00:01]} 9. h3 {[%emt 0:00:01]} Bh5 {[%emt 0:00:01]} 10. Ndf3 {[%emt 0:00:01]} Qb6 {[%emt 0:00:02]} 11. Kh2 {[%emt 0:00:01]} d4 {[%emt 0:00:02]} 12. c4 {[%emt 0:00:01]} O-O-O {[%emt 0:00:02]} 13. a3 {[%emt 0:00:00]} h6 {[%emt 0:00:01]} 14. Rb1 {[%emt 0:00:01]} Rdg8 {[%emt 0:00:02]} 15. g4 {[%emt 0:00:01]} Nxg4+ {[%emt 0:00:02]} 16. hxg4 {[%emt 0:00:01]} Bxg4 {[%emt 0:00:00]} 17. Ne5 {[%emt 0:00:02]} Nxe5 {[%emt 0:00:03]} 18. f5 {[%emt 0:00:00]} g5 {[%emt 0:00:02]} 19. fxg6 {[%emt 0:00:02]} fxg6 {[%emt 0:00:02]} 20. Kh1 {[%emt 0:00:01]} g5 {[%emt 0:00:02]} 21. b4 {[%emt 0:00:01]} gxh4 {[%emt 0:00:02]} 22. Bf4 {[%emt 0:00:01]} h3 {[%emt 0:00:02]} 23. Be4 {[%emt 0:00:01]} Nd7 {[%emt 0:00:03]} 24. bxc5 {[%emt 0:00:01]} Qxc5 {[%emt 0:00:01]} 25. Bxb7+ {[%emt 0:00:02]} Kd8 {[%emt 0:00:01]} 26. Qa4 {[%emt 0:00:04]} Rf8 {[%emt 0:00:05]} 27. Rb5 {[%emt 0:00:04]} Qc7 {[%emt 0:00:02]} 28. Be4 {[%emt 0:00:04]} Rxf4 {[%emt 0:00:02]} 29. Rfb1 {[%emt 0:00:01]} Rhf8 {[%emt 0:00:02]} 30. Rb7 {[%emt 0:00:01]} Rf1+ {[%emt 0:00:03] AChessPlayer resigns AChessPlayer resigns AChessPlayer resigns (Lag: Av=0.65s, max=1.1s) (Lag: Av=0.65s, max=1.1s) (Lag: Av=0.65s, max=1.1s)} 0-1

[Event "Stay Safe Play From Home 409"]
[Site "Emanuel Lasker Arena"]
[Date "2020.08.25"]
[Round "8"]
[White "IceQueen"]
[Black "Tran Minh Thang"]
[Result "1-0"]
[WhiteElo "2325"]
[BlackElo "2438"]
[PlyCount "53"]
[EventDate "2020.08.25"]
[EventType "swiss (blitz)"]

1. d4 {[%emt 0:00:02]} Nf6 {[%emt 0:00:01]} 2. Nf3 {[%emt 0:00:00]} e6 {[%emt 0:00:00]} 3. g3 {[%emt 0:00:01]} b6 {[%emt 0:00:00]} 4. Bg2 {[%emt 0:00:00]} Bb7 {[%emt 0:00:00]} 5. O-O {[%emt 0:00:00]} Be7 {[%emt 0:00:00]} 6. a4 {[%emt 0:00:00]} a5 {[%emt 0:00:01]} 7. Nc3 {[%emt 0:00:01]} O-O {[%emt 0:00:01]} 8. Re1 {[%emt 0:00:00]} Ne4 {[%emt 0:00:01]} 9. Qd3 {[%emt 0:00:01]} Nxc3 {[%emt 0:00:01]} 10. bxc3 {[%emt 0:00:00]} f5 {[%emt 0:00:01]} 11. Rb1 {[%emt 0:00:02]} d5 {[%emt 0:00:05]} 12. Ne5 {[%emt 0:00:01]} Nc6 {[%emt 0:00:02]} 13. Bf4 {[%emt 0:00:01]} Bd6 {[%emt 0:00:01]} 14. Qe3 {[%emt 0:00:01]} Nxe5 {[%emt 0:00:02]} 15. Bxe5 {[%emt 0:00:00]} Bc6 {[%emt 0:00:01]} 16. c4 {[%emt 0:00:02]} Bxe5 {[%emt 0:00:02]} 17. Qxe5 {[%emt 0:00:00]} Qd7 {[%emt 0:00:05]} 18. cxd5 {[%emt 0:00:01]} exd5 {[%emt 0:00:00]} 19. Ra1 {[%emt 0:00:03]} Rae8 {[%emt 0:00:01]} 20. Qf4 {[%emt 0:00:00]} Re7 {[%emt 0:00:00]} 21. e3 {[%emt 0:00:01]} h6 {[%emt 0:00:03]} 22. h4 {[%emt 0:00:01]} Bxa4 {[%emt 0:00:05]} 23. Bxd5+ {[%emt 0:00:02]} Qxd5 {[%emt 0:00:00]} 24. Rxa4 {[%emt 0:00:01]} Qe5 {[%emt 0:00:02]} 25. dxe5 {[%emt 0:00:01]} Re6 {[%emt 0:00:05]} 26. Rd4 {[%emt 0:00:02]} Re7 {[%emt 0:00:01]} 27. Red1 {[%emt 0:00:01] Tran Minh Thang resigns Tran Minh Thang resigns Tran Minh Thang resigns (Lag: Av=0.71s, max=1.0s) (Lag: Av=0.71s, max=1.0s) (Lag: Av=0.71s, max=1.0s)} 1-0

[Event "Stay Safe Play From Home 409"]
[Site "Emanuel Lasker Arena"]
[Date "2020.08.25"]
[Round "8"]
[White "Nguyen Hong Anh"]
[Black "Hickey"]
[Result "0-1"]
[WhiteElo "2276"]
[BlackElo "2267"]
[PlyCount "110"]
[EventDate "2020.08.25"]
[EventType "swiss (blitz)"]

1. d4 {[%emt 0:00:01]} Nf6 {[%emt 0:00:01]} 2. c4 {[%emt 0:00:01]} e6 {[%emt 0:00:00]} 3. Nf3 {[%emt 0:00:01]} b6 {[%emt 0:00:01]} 4. g3 {[%emt 0:00:00]} Bb7 {[%emt 0:00:00]} 5. Bg2 {[%emt 0:00:01]} c5 {[%emt 0:00:00]} 6. dxc5 {[%emt 0:00:02]} Bxc5 {[%emt 0:00:01]} 7. O-O {[%emt 0:00:00]} O-O {[%emt 0:00:00]} 8. Nc3 {[%emt 0:00:00]} d5 {[%emt 0:00:00]} 9. cxd5 {[%emt 0:00:02]} Nxd5 {[%emt 0:00:00]} 10. Nxd5 {[%emt 0:00:00]} Qxd5 {[%emt 0:00:00]} 11. Qc2 {[%emt 0:00:02]} Qe4 {[%emt 0:00:02]} 12. Qb3 {[%emt 0:00:01]} Qd5 {[%emt 0:00:01]} 13. Qc2 {[%emt 0:00:01]} Qe4 {[%emt 0:00:02]} 14. Qxe4 {[%emt 0:00:01]} Bxe4 {[%emt 0:00:01]} 15. Bf4 {[%emt 0:00:00]} Nc6 {[%emt 0:00:01]} 16. a3 {[%emt 0:00:01]} a5 {[%emt 0:00:02]} 17. Rac1 {[%emt 0:00:00]} Rac8 {[%emt 0:00:01]} 18. Ne5 {[%emt 0:00:01]} Bxg2 {[%emt 0:00:02]} 19. Kxg2 {[%emt 0:00:00]} Nxe5 {[%emt 0:00:01]} 20. Bxe5 {[%emt 0:00:01]} Rfd8 {[%emt 0:00:00]} 21. Rfd1 {[%emt 0:00:02]} f6 {[%emt 0:00:01]} 22. Bc3 {[%emt 0:00:01]} e5 {[%emt 0:00:02]} 23. Bd2 {[%emt 0:00:01]} Rc7 {[%emt 0:00:06]} 24. b4 {[%emt 0:00:02]} axb4 {[%emt 0:00:00]} 25. axb4 {[%emt 0:00:00]} Bd6 {[%emt 0:00:02]} 26. b5 {[%emt 0:00:03]} Bc5 {[%emt 0:00:04]} 27. e3 {[%emt 0:00:04]} Rcd7 {[%emt 0:00:01]} 28. Rc2 {[%emt 0:00:12]} Bb4 {[%emt 0:00:01]} 29. Bxb4 {[%emt 0:00:01]} Rxd1 {[%emt 0:00:00]} 30. Rc6 {[%emt 0:00:01]} Rb1 {[%emt 0:00:02]} 31. Be7 {[%emt 0:00:01]} Rd7 {[%emt 0:00:02]} 32. Ba3 {[%emt 0:00:05]} Rxb5 {[%emt 0:00:01]} 33. Rc8+ {[%emt 0:00:01]} Kf7 {[%emt 0:00:00]} 34. Rf8+ {[%emt 0:00:00]} Kg6 {[%emt 0:00:00]} 35. Rh8 {[%emt 0:00:00]} Ra5 {[%emt 0:00:00]} 36. Bb4 {[%emt 0:00:01]} Raa7 {[%emt 0:00:01]} 37. h4 {[%emt 0:00:01]} Rab7 {[%emt 0:00:00]} 38. g4 {[%emt 0:00:00]} h6 {[%emt 0:00:01]} 39. Kg3 {[%emt 0:00:00]} b5 {[%emt 0:00:02]} 40. f4 {[%emt 0:00:02]} exf4+ {[%emt 0:00:01]} 41. exf4 {[%emt 0:00:00]} Rd3+ {[%emt 0:00:00]} 42. Kf2 {[%emt 0:00:01]} f5 {[%emt 0:00:01]} 43. h5+ {[%emt 0:00:01]} Kf6 {[%emt 0:00:01]} 44. Rf8+ {[%emt 0:00:00]} Ke6 {[%emt 0:00:01]} 45. Rxf5 {[%emt 0:00:00]} Rd5 {[%emt 0:00:02]} 46. Re5+ {[%emt 0:00:00]} Rxe5 {[%emt 0:00:01]} 47. fxe5 {[%emt 0:00:00]} Kxe5 {[%emt 0:00:00]} 48. Bc3+ {[%emt 0:00:00]} Kd5 {[%emt 0:00:00]} 49. Bb4 {[%emt 0:00:01]} Kc4 {[%emt 0:00:00]} 50. Bd2 {[%emt 0:00:00]} b4 {[%emt 0:00:00]} 51. g5 {[%emt 0:00:00]} hxg5 {[%emt 0:00:01]} 52. Bxg5 {[%emt 0:00:01]} b3 {[%emt 0:00:00]} 53. h6 {[%emt 0:00:00]} gxh6 {[%emt 0:00:00]} 54. Bxh6 {[%emt 0:00:01]} b2 {[%emt 0:00:00]} 55. Bc1 {[%emt 0:00:00]} b1=Q {[%emt 0:00:00] Nguyen Hong Anh resigns Nguyen Hong Anh resigns Nguyen Hong Anh resigns (Lag: Av=1.15s, max=1.7s) (Lag: Av=1.15s, max=1.7s) (Lag: Av=1.15s, max=1.7s)} 0-1

[Event "Stay Safe Play From Home 409"]
[Site "Emanuel Lasker Arena"]
[Date "2020.08.25"]
[Round "8"]
[White "lazieri3"]
[Black "Ao017545"]
[Result "1-0"]
[WhiteElo "1939"]
[BlackElo "1580"]
[Annotator "NA"]
[PlyCount "41"]
[EventDate "2020.08.25"]
[EventType "swiss (blitz)"]

1. e4 {[%emt 0:00:02]} e5 {[%emt 0:00:00]} 2. Nc3 {[%emt 0:00:00]} Nf6 {[%emt 0:00:01]} 3. Nf3 {[%emt 0:00:00]} Bb4 {[%emt 0:00:00]} 4. Bc4 {[%emt 0:00:03]} Bxc3 {[%emt 0:00:00]} 5. bxc3 {[%emt 0:00:00]} d6 {[%emt 0:00:00]} 6. d3 {[%emt 0:00:01]} Bg4 {[%emt 0:00:00]} 7. h3 {[%emt 0:00:01]} Nc6 {[%emt 0:00:00]} 8. hxg4 {[%emt 0:00:02]} Na5 {[%emt 0:00:01]} 9. Bb5+ {[%emt 0:00:01]} c6 {[%emt 0:00:01]} 10. Ba4 {[%emt 0:00:01]} b5 {[%emt 0:00:00]} 11. Bb3 {[%emt 0:00:01]} Nxg4 {[%emt 0:00:00]} 12. Nd4 {[%emt 0:00:04]} Qb6 {[%emt 0:00:00]} 13. Qxg4 {[%emt 0:00:02]} exd4 {[%emt 0:00:01]} 14. Qxg7 {[%emt 0:00:01]} O-O-O {[%emt 0:00:03]} 15. Bxf7 {[%emt 0:00:02]} Rdf8 {[%emt 0:00:03]} 16. Be6+ {[%emt 0:00:01]} Kb8 {[%emt 0:00:03]} 17. Rxh7 {[%emt 0:00:02]} dxc3 {[%emt 0:00:01]} 18. Be3 {[%emt 0:00:05]} c5 {[%emt 0:00:04]} 19. Rxh8 {[%emt 0:00:01]} Rxh8 {[%emt 0:00:02]} 20. Qxh8+ {[%emt 0:00:02]} Kb7 {[%emt 0:00:00]} 21. Qc8# {[%emt 0:00:01] (Lag: Av=0.85s, max=1.2s) (Lag: Av=0.85s, max=1.2s) (Lag: Av=0.85s, max=1.2s)} 1-0

[Event "Stay Safe Play From Home 409"]
[Site "Emanuel Lasker Arena"]
[Date "2020.08.25"]
[Round "8"]
[White "Trotsky"]
[Black "TheCHESSHOUSE"]
[Result "0-1"]
[WhiteElo "1594"]
[BlackElo "2052"]
[PlyCount "66"]
[EventDate "2020.08.25"]
[EventType "swiss (blitz)"]

1. d4 {[%emt 0:00:01]} Nf6 {[%emt 0:00:02]} 2. e3 {[%emt 0:00:00]} g6 {[%emt 0:00:00]} 3. c4 {[%emt 0:00:01]} Bg7 {[%emt 0:00:00]} 4. Nc3 {[%emt 0:00:01]} d6 {[%emt 0:00:00]} 5. Bd3 {[%emt 0:00:01]} O-O {[%emt 0:00:00]} 6. Qc2 {[%emt 0:00:01]} Nc6 {[%emt 0:00:01]} 7. a3 {[%emt 0:00:02]} a6 {[%emt 0:00:01]} 8. Nf3 {[%emt 0:00:01]} Rb8 {[%emt 0:00:01]} 9. Ng5 {[%emt 0:00:01]} b5 {[%emt 0:00:02]} 10. h4 {[%emt 0:00:01]} h6 {[%emt 0:00:01]} 11. h5 {[%emt 0:00:01]} Nxh5 {[%emt 0:00:04]} 12. Rxh5 {[%emt 0:00:03]} gxh5 {[%emt 0:00:01]} 13. Bh7+ {[%emt 0:00:01]} Kh8 {[%emt 0:00:01]} 14. Bg8 {[%emt 0:00:01]} f5 {[%emt 0:00:04]} 15. Bh7 {[%emt 0:00:03]} hxg5 {[%emt 0:00:02]} 16. Bg6 {[%emt 0:00:02]} h4 {[%emt 0:00:02]} 17. Bd2 {[%emt 0:00:01]} b4 {[%emt 0:00:01]} 18. Ne2 {[%emt 0:00:01]} b3 {[%emt 0:00:01]} 19. Qd3 {[%emt 0:00:01]} e5 {[%emt 0:00:04]} 20. O-O-O {[%emt 0:00:02]} Ne7 {[%emt 0:00:02]} 21. Rh1 {[%emt 0:00:03]} Nxg6 {[%emt 0:00:01]} 22. g3 {[%emt 0:00:01]} e4 {[%emt 0:00:02]} 23. Qb1 {[%emt 0:00:02]} c5 {[%emt 0:00:01]} 24. f3 {[%emt 0:00:02]} exf3 {[%emt 0:00:01]} 25. Nf4 {[%emt 0:00:14]} gxf4 {[%emt 0:00:01]} 26. gxf4 {[%emt 0:00:01]} cxd4 {[%emt 0:00:03]} 27. exd4 {[%emt 0:00:02]} Bxd4 {[%emt 0:00:00]} 28. Rh3 {[%emt 0:00:02]} Qf6 {[%emt 0:00:02]} 29. Be1 {[%emt 0:00:01]} Kg8 {[%emt 0:00:02]} 30. Bg3 {[%emt 0:00:01]} Qf7 {[%emt 0:00:01]} 31. Kd2 {[%emt 0:00:01]} Qxc4 {[%emt 0:00:01]} 32. Qh1 {[%emt 0:00:01]} Qc2+ {[%emt 0:00:01]} 33. Ke1 {[%emt 0:00:01]} Qc1# {[%emt 0:00:02] (Lag: Av=0.62s, max=1.3s) (Lag: Av=0.62s, max=1.3s) (Lag: Av=0.62s, max=1.3s)} 0-1

[Event "Stay Safe Play From Home 409"]
[Site "Emanuel Lasker Arena"]
[Date "2020.08.25"]
[Round "8"]
[White "Klasman"]
[Black "Mepe_Nika"]
[Result "0-1"]
[WhiteElo "1342"]
[BlackElo "2380"]
[PlyCount "42"]
[EventDate "2020.08.25"]
[EventType "swiss (blitz)"]

1. f4 {[%emt 0:00:02]} e5 {[%emt 0:00:01]} 2. fxe5 {[%emt 0:00:02]} d6 {[%emt 0:00:00]} 3. Nf3 {[%emt 0:00:01]} Nc6 {[%emt 0:00:00]} 4. e4 {[%emt 0:00:02]} dxe5 {[%emt 0:00:01]} 5. Bb5 {[%emt 0:00:01]} Bd6 {[%emt 0:00:01]} 6. O-O {[%emt 0:00:03]} Nge7 {[%emt 0:00:00]} 7. Ng5 {[%emt 0:00:01]} O-O {[%emt 0:00:01]} 8. Qf3 {[%emt 0:00:03]} Be6 {[%emt 0:00:02]} 9. Nxe6 {[%emt 0:00:03]} fxe6 {[%emt 0:00:00]} 10. Qxf8+ {[%emt 0:00:02]} Qxf8 {[%emt 0:00:00]} 11. Rxf8+ {[%emt 0:00:02]} Rxf8 {[%emt 0:00:00]} 12. c3 {[%emt 0:00:03]} Bc5+ {[%emt 0:00:01]} 13. d4 {[%emt 0:00:06]} exd4 {[%emt 0:00:02]} 14. g3 {[%emt 0:00:06]} dxc3+ {[%emt 0:00:02]} 15. Kg2 {[%emt 0:00:01]} Nd4 {[%emt 0:00:02]} 16. Bd3 {[%emt 0:00:06]} cxb2 {[%emt 0:00:09]} 17. Bxb2 {[%emt 0:00:02]} Nec6 {[%emt 0:00:00]} 18. Nc3 {[%emt 0:00:03]} Ne5 {[%emt 0:00:02]} 19. Bf1 {[%emt 0:00:06]} Nc2 {[%emt 0:00:01]} 20. Rc1 {[%emt 0:00:02]} Ne3+ {[%emt 0:00:01]} 21. Kh3 {[%emt 0:00:05]} Nxf1 {[%emt 0:00:01] Time Time Time (Lag: Av=0.57s, max=0.9s) (Lag: Av=0.57s, max=0.9s) (Lag: Av=0.57s, max=0.9s)} 0-1

[Event "Stay Safe Play From Home 409"]
[Site "Emanuel Lasker Arena"]
[Date "2020.08.25"]
[Round "9"]
[White "Tran Minh Thang"]
[Black "Mepe_Nika"]
[Result "1-0"]
[WhiteElo "2416"]
[BlackElo "2380"]
[PlyCount "87"]
[EventDate "2020.08.25"]
[EventType "swiss (blitz)"]

1. d4 {[%emt 0:00:02]} d5 {[%emt 0:00:01]} 2. Bf4 {[%emt 0:00:00]} c5 {[%emt 0:00:01]} 3. e3 {[%emt 0:00:00]} cxd4 {[%emt 0:00:01]} 4. exd4 {[%emt 0:00:00]} Nc6 {[%emt 0:00:00]} 5. c3 {[%emt 0:00:00]} Bf5 {[%emt 0:00:01]} 6. Bd3 {[%emt 0:00:01]} Bxd3 {[%emt 0:00:01]} 7. Qxd3 {[%emt 0:00:00]} e6 {[%emt 0:00:00]} 8. Nf3 {[%emt 0:00:00]} Bd6 {[%emt 0:00:00]} 9. Bg3 {[%emt 0:00:00]} Nf6 {[%emt 0:00:01]} 10. Nbd2 {[%emt 0:00:00]} O-O {[%emt 0:00:02]} 11. O-O {[%emt 0:00:02]} Bxg3 {[%emt 0:00:01]} 12. hxg3 {[%emt 0:00:00]} Rb8 {[%emt 0:00:02]} 13. Rae1 {[%emt 0:00:01]} b5 {[%emt 0:00:01]} 14. a3 {[%emt 0:00:00]} a5 {[%emt 0:00:01]} 15. Ne5 {[%emt 0:00:00]} Nxe5 {[%emt 0:00:01]} 16. dxe5 {[%emt 0:00:01]} Nd7 {[%emt 0:00:00]} 17. f4 {[%emt 0:00:02]} b4 {[%emt 0:00:01]} 18. axb4 {[%emt 0:00:04]} axb4 {[%emt 0:00:00]} 19. c4 {[%emt 0:00:02]} Qb6+ {[%emt 0:00:05]} 20. Kh2 {[%emt 0:00:02]} Nc5 {[%emt 0:00:01]} 21. Qe3 {[%emt 0:00:05]} Rfd8 {[%emt 0:00:04]} 22. cxd5 {[%emt 0:00:00]} Rxd5 {[%emt 0:00:00]} 23. Nc4 {[%emt 0:00:00]} Qa6 {[%emt 0:00:05]} 24. Nd6 {[%emt 0:00:00]} Qd3 {[%emt 0:00:02]} 25. Qf2 {[%emt 0:00:04]} Ne4 {[%emt 0:00:04]} 26. Rxe4 {[%emt 0:00:02]} Rxd6 {[%emt 0:00:02]} 27. Re3 {[%emt 0:00:00]} Qg6 {[%emt 0:00:12]} 28. exd6 {[%emt 0:00:01]} Rd8 {[%emt 0:00:00]} 29. f5 {[%emt 0:00:01]} exf5 {[%emt 0:00:03]} 30. d7 {[%emt 0:00:02]} f6 {[%emt 0:00:03]} 31. Qd2 {[%emt 0:00:18]} h5 {[%emt 0:00:02]} 32. Qd5+ {[%emt 0:00:01]} Kh7 {[%emt 0:00:01]} 33. Qxf5 {[%emt 0:00:00]} h4 {[%emt 0:00:01]} 34. Qxg6+ {[%emt 0:00:01]} Kxg6 {[%emt 0:00:00]} 35. gxh4 {[%emt 0:00:00]} Rxd7 {[%emt 0:00:00]} 36. Rg3+ {[%emt 0:00:00]} Kf7 {[%emt 0:00:00]} 37. Rgf3 {[%emt 0:00:00]} Rd4 {[%emt 0:00:00]} 38. R1f2 {[%emt 0:00:00]} Rxh4+ {[%emt 0:00:00]} 39. Kg3 {[%emt 0:00:00]} Rh5 {[%emt 0:00:00]} 40. Rf4 {[%emt 0:00:00]} Rg5+ {[%emt 0:00:00]} 41. Rg4 {[%emt 0:00:00]} Kg6 {[%emt 0:00:00]} 42. Rxg5+ {[%emt 0:00:00]} Kxg5 {[%emt 0:00:00]} 43. Rxf6 {[%emt 0:00:00]} b3 {[%emt 0:00:00]} 44. Rf5+ {[%emt 0:00:00] Time Time Time (Lag: Av=0.72s, max=1.3s) (Lag: Av=0.72s, max=1.3s) (Lag: Av=0.72s, max=1.3s)} 1-0

[Event "Stay Safe Play From Home 409"]
[Site "Emanuel Lasker Arena"]
[Date "2020.08.25"]
[Round "9"]
[White "Hickey"]
[Black "Klasman"]
[Result "1-0"]
[WhiteElo "2284"]
[BlackElo "1342"]
[PlyCount "47"]
[EventDate "2020.08.25"]
[EventType "swiss (blitz)"]

1. Nf3 {[%emt 0:00:02]} d5 {[%emt 0:00:02]} 2. g3 {[%emt 0:00:00]} c5 {[%emt 0:00:01]} 3. Bg2 {[%emt 0:00:00]} Nc6 {[%emt 0:00:01]} 4. O-O {[%emt 0:00:00]} e5 {[%emt 0:00:01]} 5. d3 {[%emt 0:00:01]} f5 {[%emt 0:00:02]} 6. c4 {[%emt 0:00:02]} e4 {[%emt 0:00:04]} 7. cxd5 {[%emt 0:00:02]} exf3 {[%emt 0:00:01]} 8. Bxf3 {[%emt 0:00:04]} Nd4 {[%emt 0:00:01]} 9. Bg2 {[%emt 0:00:01]} Nf6 {[%emt 0:00:01]} 10. e3 {[%emt 0:00:01]} Nb5 {[%emt 0:00:04]} 11. e4 {[%emt 0:00:01]} fxe4 {[%emt 0:00:02]} 12. dxe4 {[%emt 0:00:00]} Bd7 {[%emt 0:00:03]} 13. e5 {[%emt 0:00:01]} Be7 {[%emt 0:00:12]} 14. exf6 {[%emt 0:00:03]} Bxf6 {[%emt 0:00:01]} 15. Re1+ {[%emt 0:00:00]} Kf7 {[%emt 0:00:02]} 16. Qb3 {[%emt 0:00:08]} Nd6 {[%emt 0:00:02]} 17. Bf4 {[%emt 0:00:03]} c4 {[%emt 0:00:01]} 18. Qc2 {[%emt 0:00:02]} Qb6 {[%emt 0:00:05]} 19. Nc3 {[%emt 0:00:02]} Bf5 {[%emt 0:00:04]} 20. Qd2 {[%emt 0:00:03]} Rhe8 {[%emt 0:00:03]} 21. Na4 {[%emt 0:00:01]} Rxe1+ {[%emt 0:00:03]} 22. Rxe1 {[%emt 0:00:00]} Qd8 {[%emt 0:00:03]} 23. Nc5 {[%emt 0:00:09]} b6 {[%emt 0:00:01]} 24. Ne6 {[%emt 0:00:04] Time Time Time (Lag: Av=0.67s, max=1.2s) (Lag: Av=0.67s, max=1.2s) (Lag: Av=0.67s, max=1.2s)} 1-0